00338cam a22001091 4500082001600000245005900016260002100075300001500096500005500111650003600166650002600202 a658.02bPUB10aPublic industrial management in Asia and the Far East/ aNew York,c1960. aiv, 138 p. a"United Nations publication. Sales no. 60.II.H.1." 0aGovernment business enterprises 0aIndustrial management